| 000 | 01424cam a22004094a 4500 | ||
|---|---|---|---|
| 001 | 11980268 | ||
| 003 | Ke-BoTe | ||
| 005 | 20220505130556.0 | ||
| 008 | 000419s2001 paua b 001 0 eng | ||
| 010 | _a 00031483 | ||
| 020 | _a0803605986 | ||
| 035 | _a(DNLM)100953590 | ||
| 040 |
_aDNLM/DLC _cDLC _dDLC |
||
| 042 | _apcc | ||
| 050 | 0 | 0 |
_aRT120.F34 _bF35 2000 |
| 060 | 1 | 0 |
_aWY 100 _bF198 2000 |
| 082 | 0 | 0 |
_a610.73 _221 |
| 245 | 0 | 0 |
_aFamily health care nursing : _btheory, practice, and research / _c[edited by] Shirley May Harmon Hanson. |
| 250 | _a2nd ed. | ||
| 260 |
_aPhiladelphia : _bF.A. Davis, _cc2001. |
||
| 300 |
_axviii, 469 p. : _bill. ; _c26 cm. |
||
| 504 | _aIncludes bibliographical references and index. | ||
| 650 | 0 | _aFamily nursing. | |
| 650 | 0 |
_aFamilies _xHealth and hygiene. _93508 |
|
| 650 | 0 |
_aSick _xFamily relationships. _93936 |
|
| 650 | 0 |
_aChild health services. _94288 |
|
| 650 | 1 | 2 |
_aNursing Care. _92680 |
| 650 | 2 | 2 |
_aChild Health Services. _94289 |
| 650 | 2 | 2 |
_aFamily Practice. _94227 |
| 650 | 2 | 2 | _aHealth Promotion. |
| 650 | 2 | 2 |
_aNursing Process. _93203 |
| 700 | 1 |
_aHanson, Shirley M. H., _d1938- _94290 |
|
| 906 |
_a7 _bcbc _corignew _d1 _eocip _f20 _gy-gencatlg |
||
| 942 |
_2lcc _cBK _n0 |
||
| 999 |
_c2142 _d2142 |
||